_Ecology & Field Biology (6th Ed.) Robert Leo Smith (Record no. 7937)
[ view plain ]
| 000 -LEADER | |
|---|---|
| fixed length control field | 00460nam a2200157Ia 4500 |
| 008 - FIXED-LENGTH DATA ELEMENTS--GENERAL INFORMATION | |
| fixed length control field | 151021s9999 xx 000 0 und d |
| 020 ## - INTERNATIONAL STANDARD BOOK NUMBER | |
| International Standard Book Number | 321042875 |
| 050 ## - LIBRARY OF CONGRESS CALL NUMBER | |
| Classification number | QH 541 .S6 2001 |
| 245 ## - TITLE STATEMENT | |
| Title | _Ecology & Field Biology (6th Ed.) Robert Leo Smith |
| 260 ## - PUBLICATION, DISTRIBUTION, ETC. (IMPRINT) | |
| Place of publication, distribution, etc. | San Francisco Addison Wesley Longman 2001 |
| 300 ## - PHYSICAL DESCRIPTION | |
| Extent | xviii,769p,;ill |
| 500 ## - GENERAL NOTE | |
| General note | Includes index |
| 650 ## - SUBJECT ADDED ENTRY--TOPICAL TERM | |
| Topical term or geographic name as entry element | _Ecology |
| 700 ## - ADDED ENTRY--PERSONAL NAME | |
| Personal name | _Thomas M. Smith |
| 980 ## - EQUIVALENCE OR CROSS-REFERENCE-SERIES STATEMENT--PERSONAL NAME/TITLE [LOCAL, CANADA] | |
| Personal name | ^d20110712 05:47:07^oanne |
No items available.